|
|
|
|
| LEADER |
00000nab a2200000 a 4500 |
| 001 |
vtls000895069 |
| 003 |
SK-MaSNL |
| 005 |
20260303223849.0 |
| 008 |
040720e19961106xo 0 slo |
| 035 |
|
|
|a KE4101
|
| 040 |
|
|
|a KEVKJB
|b slo
|c KEVKJB
|e AACR2
|
| 041 |
0 |
|
|a slo
|
| 044 |
|
|
|a xo
|c SK
|
| 080 |
|
|
|a 681.31
|2 1981
|
| 080 |
|
|
|a 061.4
|2 1981
|
| 100 |
1 |
|
|a Nosáľová, Darina
|4 aut
|9 880490
|
| 245 |
1 |
0 |
|a Kam kráčaš Cofax ?
|
| 300 |
|
|
|b 1 foto
|
| 611 |
2 |
7 |
|a COFAX
|d (1996 :
|c Košice, Slovensko)
|2 snkbucl
|9 62882
|
| 648 |
|
7 |
|a 1996
|2 snkbucl
|9 283904
|
| 650 |
0 |
7 |
|a výpočtová technika
|2 KEVKJB
|9 1126
|
| 650 |
0 |
7 |
|a telekomunikačná technika
|2 snkbucl
|9 78896
|
| 650 |
0 |
7 |
|a výstavy
|2 snkbucl
|9 2780
|
| 651 |
|
7 |
|a Košice (Slovensko)
|2 KEVKJB
|9 18694
|
| 773 |
0 |
8 |
|t Košický večer
|g Roč. 7
|g Roč. 28, č.216, 6.11.1996, s. 1
|
| 852 |
|
|
|a ZVYKNI
|b KIS3GCP
|
| 999 |
|
|
|c 2249593
|d 2251523
|